| 000 | 01051nam a22002417a 4500 | ||
|---|---|---|---|
| 005 | 20080915150959.0 | ||
| 008 | 080915t xxu||||| |||| 00| 0 hin d | ||
| 010 | _aHIN-91433 | ||
| 020 |
_a9789380146515 _c375.00 |
||
| 035 | _aHN-63779 | ||
| 037 | _bDBAD / PUB | ||
| 040 |
_aDPL _bHN |
||
| 100 |
_aकोहली, नरेन्द्र _925136 |
||
| 245 |
_aआत्मरक्षा का अधिकार / _cनरेन्द्र कोहली |
||
| 246 |
_aAatmrakasha ka Adhikaar _bby Narendra Kohli |
||
| 260 |
_aनई दिल्ली _bकिताबघर प्रकाशन _c2010 |
||
| 270 |
_a4855-56/24, अंसारी रोड, दरियागंज _bनई दिल्ली _e110002 |
||
| 300 |
_a252पृ _c22 सेमी(सजिल्द) |
||
| 650 | _91169 | ||
| 700 | _925138 | ||
| 942 |
_adpl _cHN _2ddc _m827कोहली |
||
| 999 |
_c49630 _d49630 |
||